00884nam a22002055i 4500001000700000003000900007005001700016008004100033040002000074080002100094100003100115245013300146260007900279300002100358490002200379500010100401700004600502830002200548852010800570179924ES-MaACL20230906220936.0120229s1843 sp |||| | spa d aCAM bspa cCAM a821.133.1-23"18"1 aMélesville (d1787-1865)13aEl galán invisible b: comedia en dos actos / cescrita en francés por Melesville ; (traducida por A. García Gutiérrez). aMadrid : b[s.a., cs.a.] (fImprenta de Joaquín Merás y compañía) a26 p. ; c25 cm.1 aMuseo dramático aRepresentada por primera vez en Madrid en el teatro de la Cruz el día 18 de diciembre de 1843.1 aGarcía Gutiérrez, Antonio,d1813-18840 aMuseo dramático aES-MaACLjF-7489(19) z.- Enc. hol. -- Falto de la port. y la cub. original -- Enc. en un vol. facticio